Beitrag zur Chemie der Aromaten mit gespanntem Perimeter /

Hlavní autor: Brodwolf, Hermann
Korporativní autor: Universität zu Köln
Jazyk: Němčina
Vydáno: Köln : H. Brodwolf, 1976
Fyzický popis: 121 s.
Knihy
Uloženo v:
LEADER 00686nam a22002172a 4500
001 001219314
003 CZ BrMZK
005 20121205112944.0
007 ta
008 120604s1976 gw er 000 0 ger d
040 |a BOA001  |b cze 
100 1 |a Brodwolf, Hermann  |4 dis 
245 1 0 |a Beitrag zur Chemie der Aromaten mit gespanntem Perimeter /  |c Hermann Brodwolf 
260 |a Köln :  |b H. Brodwolf,  |c 1976 
300 |a 121 s. 
502 |a Disertace--Universität zu Köln, 1976 
710 2 |a Universität zu Köln  |7 kn20020322445 
910 |a BOA001  |b 2-0760.372 
990 |a BK 
991 |b 201206 
996 7 |b 2619528363  |c 2-0760.372  |l MZK  |r Sklad / do 1 hodiny  |n 0  |w 001253186  |u 000010  |a 1  |e BOA001  |j MZK50  |s A